[Event "Santiago op"]
[Site "Santiago de Chile"]
[Date "2002.??.??"]
[Round "4"]
[White "Mayorga, Luis"]
[Black "Reyes Jara, Paula"]
[Result "0-1"]
[WhiteElo "2110"]
[BlackElo "2159"]
[PlyCount "94"]
[EventDate "2002.04.??"]
[EventType "swiss"]
[EventRounds "9"]
[EventCountry "CHI"]
[SourceTitle "EXT 2003"]
[Source "ChessBase"]
[SourceDate "2002.11.25"]
[SourceVersion "1"]
[SourceVersionDate "2002.11.25"]
[SourceQuality "1"]

1. d4 Nf6 2. Nf3 g6 3. Bg5 Bg7 4. Nbd2 d5 5. e3 Bg4 6. Bd3 Nc6 7. h3 Bd7 8. c3 0-0 9. 0-0 Re8 10. Qb3 Bc8 11. Rad1 e5 12. dxe5 Nxe5 13. Nxe5 Rxe5 14. Nf3 Re8 15. e4 dxe4 16. Bxe4 Qe7 17. Bd5 c6 18. Rfe1 Qf8 19. Bc4 Rxe1+ 20. Nxe1 b5 21. Bxf7+ Qxf7 22. Rd8+ Bf8 23. Bxf6 Be6 24. Qd1 Rxd8 25. Qxd8 Bxa2 26. Nf3 Qd5 27. Qc8 Qd1+ 28. Kh2 Qd6+ 29. Be5 Qe6 30. Qb8 Bd5 31. Ng5 Qe7 32. f4 a5 33. Nf3 a4 34. Nd4 Qd7 35. Nc2 Bxg2 36. Ne3 Qxh3+ 37. Kg1 Qxe3+ 38. Kxg2 Qd2+ 39. Kf1 Qc1+ 40. Ke2 Qxb2+ 41. Kf3 Qb3 42. Kg3 Qe6 43. Bd4 Qf5 44. Qe8 a3 45. Qxc6 a2 46. Qa8 Qd3+ 47. Kh4 a1Q 0-1

[Event "Santiago op"]
[Site "Santiago de Chile"]
[Date "2002.??.??"]
[Round "5"]
[White "Morales Garcia, Hugo"]
[Black "Mayorga, Luis"]
[Result "0-1"]
[WhiteElo "2227"]
[BlackElo "2110"]
[PlyCount "94"]
[EventDate "2002.04.??"]
[EventType "swiss"]
[EventRounds "9"]
[EventCountry "CHI"]
[SourceTitle "EXT 2003"]
[Source "ChessBase"]
[SourceDate "2002.11.25"]
[SourceVersion "1"]
[SourceVersionDate "2002.11.25"]
[SourceQuality "1"]

1. c4 Nf6 2. Nc3 g6 3. e4 d6 4. d4 Bg7 5. f3 0-0 6. Bg5 c6 7. Qd2 Qb6 8. 0-0-0 a5 9. g4 e5 10. c5 Qb4 11. cxd6 exd4 12. Nce2 c5 13. Qf4 Qc4+ 14. Nc3 Qe6 15. Nb5 Ne8 16. b3 Be5 17. Qd2 Bxd6 18. Bc4 Qd7 19. Bh6 Ng7 20. Nxd4 cxd4 21. Bxg7 Ba3+ 22. Kb1 Kxg7 23. h4 h6 24. Ne2 Nc6 25. Rdg1 Ne5 26. Nxd4 Nxc4 27. bxc4 Qd6 28. Nf5+ Bxf5 29. Qc3+ Kh7 30. gxf5 Qb4+ 31. Qxb4 Bxb4 32. fxg6+ fxg6 33. Rh3 Ra6 34. Rd1 Rd6 35. Rd5 Rc8 36. e5 Rb6 37. Rb5 Rxb5 38. cxb5 Ba3 39. Rh1 Kg7 40. f4 h5 41. b6 Kf7 42. Rg1 Rc6 43. f5 gxf5 44. e6+ Kf6 45. e7 Kxe7 46. Rg7+ Kf6 47. Rf7+ Kxf7 0-1